000 01003nam a22002177a 4500
003 NALT
005 20211022213005.0
008 s2545 th tha d
040 _aNALT
041 _atha
090 _aว SF560.E74 ท467ค 2545
100 0 _aทิพย์วดี อรรถธรรม
245 1 0 _aโครงการ "การวิเคราะห์ต้นทุนการผลิตไหมป่าอีรี่เพื่อการพัฒนาสู่อุตสาหกรรม"
260 3 _aกรุงเทพฯ :
_bสำนักงานกองทุนสนับสนุนการวิจัย,
_c2545
300 _a97 หน้า :
_b ตาราง, ภาพประกอบ ;
_c 29 ซม.
650 0 4 _aไหมป่าอีรี่ -- การเลี้ยง -- วิจัย
650 0 4 _aไหมอีรี่ -- วิจัย
850 _aNALT
942 _cRSH
_2lcc
998 _bSUKUNYA
_j109
_k อารีรัตน์ วิชาช่าง
999 _c31570
_d31570